000 00805nam a2200241 i 4500
001 147878
003 ES-MaACL
005 20250830233238.0
007 t|
008 071008s1918 sp ||||1| spa d
080 _a327(8.03:73)
080 _a327(73:8.03)
100 1 _aUrrutia, Francisco José.
_9112246
245 1 4 _aLos Estados Unidos de América y las repúblicas hispano-americanas de 1810 a 1830 /
_cFrancisco José Urrutia.
260 _aMadrid :
_bEditorial América,
_c1918.
300 _a48 p. ;
_c28 cm.
490 1 _aBiblioteca Ayacucho
651 4 _aEstados Unidos-
_xRelaciones-
_zAmérica española
_98560
651 4 _aAmérica española-
_xRelaciones-
_zEstados Unidos.
_97737
830 0 _aBiblioteca Ayacucho
_9177888
852 _aES-MaACL
_jG-4985
999 _c147878
_d147878